[Event "DMP Ekstraliga 2020"]
[Site "Krakow"]
[Date "2020.08.29"]
[Round "4.30"]
[White "Leks, Maria"]
[Black "Worek, Joanna"]
[Result "0-1"]
[WhiteElo "2080"]
[BlackElo "2326"]
[Annotator "NA"]
[PlyCount "84"]
[EventDate "2020.08.26"]
[EventType "team-tourn"]
[EventCountry "POL"]
[SourceTitle "playchess.com"]
[Source "ChessBase"]
[SourceQuality "1"]
[WhiteTeam "Dwie Wieze Krakow"]
[BlackTeam "Silesia Raciborz"]
[TimeControl "30/5400+30:1800+30"]

1. e4 {[%emt 0:00:00]} c5 {[%emt 0:00:00]} 2. Nf3 {[%emt 0:00:00]} Nc6 {[%emt 0:00:00]} 3. d4 {[%emt 0:00:00]} cxd4 {[%emt 0:00:00]} 4. Nxd4 {[%emt 0:00:00]} Nf6 {[%emt 0:00:07]} 5. Nc3 {[%emt 0:00:00]} d6 {[%emt 0:00:21]} 6. Bg5 {[%emt 0:00:07]} e6 {[%emt 0:00:44]} 7. Qd2 {[%emt 0:00:19]} a6 {[%emt 0:00:17]} 8. O-O-O {[%emt 0:00:21]} Bd7 {[%emt 0:00:37]} 9. f3 {[%emt 0:00:26]} Nxd4 {[%emt 0:00:22]} 10. Qxd4 {[%emt 0:00:05]} Be7 {[%emt 0:00:10] B67: Sicilian: Richter-Rauzer: 7...a6 8 0-0-0 Bd7, lines without 9 f4 Be7.} 11. Qd2 {[%emt 0:01:25]} b5 {[%emt 0:01:02]} 12. h4 {[%emt 0:00:58]} h6 {[%emt 0:05:03]} 13. Be3 {[%emt 0:03:42]} h5 {[%emt 0:02:02]} 14. Bg5 {[%emt 0:09:34]} Qc7 {[%emt 0:02:59] [#]} 15. Kb1 $146 {[%emt 0:02:46]} ({Predecessor:} 15. Ne2 Rb8 16. Kb1 a5 17. Bf4 Rb6 18. Be3 Rb7 19. Bf4 Rb6 20. Be3 Ra6 21. Nc3 {1-0 (94) Shome,S (2263)-G,A (2456) Budapest 2019}) 15... Rb8 {[%emt 0:08:52]} 16. Bd3 {[%emt 0:11:21]} b4 {[%emt 0:03:04]} 17. Ne2 {[%emt 0:01:27]} a5 {[%emt 0:00:35]} 18. f4 {[%emt 0:02:19]} a4 {[%emt 0:06:40]} 19. e5 {[%emt 0:06:48]} Ng4 {[%emt 0:10:27]} 20. Bxe7 $11 {[%emt 0:15:13]} Kxe7 {[%emt 0:00:07]} 21. exd6+ {[%emt 0:01:12]} Qxd6 {[%emt 0:00:21]} 22. Ng3 {[%emt 0:01:25]} a3 {[%emt 0:10:07]} 23. Rhe1 {[%emt 0:17:18]} g6 {[%emt 0:18:47]} 24. Bc4 {[%emt 0:08:43]} Qxd2 {[%emt 0:04:56]} 25. Rxd2 {[%emt 0:00:04]} Bb5 {[%emt 0:06:14]} 26. Bxb5 {[%emt 0:09:08]} Rxb5 {[%emt 0:00:02]} 27. Ne4 {[%emt 0:05:10]} Ra8 {[%emt 0:01:45]} 28. b3 {[%emt 0:01:06]} Ra7 {[%emt 0:06:13]} 29. Rd4 {[%emt 0:00:50]} Rc7 {[%emt 0:00:31]} 30. g3 {[%emt 0:00:54]} Rb6 {[%emt 0:01:59]} 31. Re2 {[%emt 0:31:46]} Nh6 {[%emt 0:32:39]} 32. c4 {[%emt 0:00:47]} bxc3 {[%emt 0:00:43]} 33. Kc2 {[%emt 0:00:06]} Nf5 {[%emt 0:00:53]} 34. Rd3 {[%emt 0:00:23]} Rb4 {[%emt 0:02:45]} 35. Kc1 {[%emt 0:00:05]} Nd4 {[%emt 0:00:40]} 36. Re1 {[%emt 0:01:36]} Nxb3+ {[%emt 0:00:25]} 37. axb3 {[%emt 0:00:31]} a2 {[%emt 0:00:05]} 38. Kc2 {[%emt 0:00:05]} Rxe4 {[%emt 0:00:05]} 39. Ra1 {[%emt 0:00:27]} Re2+ {[%emt 0:00:06]} 40. Kc1 {[%emt 0:00:00]} Rd7 {[%emt 0:00:00]} 41. Rd1 {[%emt 0:00:00]} Rxd1+ {[%emt 0:00:00]} 42. Kxd1 {[%emt 0:00:00]} Rg2 {[%emt 0:00:00]} 0-1

[Event "DMP Ekstraliga 2020"]
[Site "Krakow"]
[Date "2020.08.30"]
[Round "5.1"]
[White "Matuszewski, Michal"]
[Black "Bluebaum, Matthias"]
[Result "1/2-1/2"]
[WhiteElo "2508"]
[BlackElo "2647"]
[Annotator "TA"]
[PlyCount "112"]
[EventDate "2020.08.26"]
[EventType "team-tourn"]
[EventCountry "POL"]
[SourceTitle "playchess.com"]
[Source "ChessBase"]
[SourceQuality "1"]
[WhiteTeam "Dwie Wieze Krakow"]
[BlackTeam "Stilon Gorzow"]

{[%evp 9,112,0,0,0,0,-13,11,-20,-12,-34,-41,-33,-33,-42,-36,-28,-19,-16,-15,-27,0,0,0,-43,-50,-41,0,0,0,0,0,0,57,44,44,44,53,38,16,8,115,114,150,126,146,132,212,132,177,23,27,0,123,117,152,80,80,0,0,0,0,0,0,0,0,0,0,0,0,0,0,-14,0,0,0,0,0,0,0,0,0,0,0,0,0,0,0,0,0,0,0,0,0,0,0,0,0,0,0,0,0,0,0,0,0]} 1. d4 d5 2. Bf4 c5 3. e3 cxd4 4. exd4 Nc6 5. c3 Bf5 6. Nf3 {B13: Caro-Kann: Exchange Variation and Panov-Botvinnik Attack.} e6 7. Qb3 Qd7 8. Bb5 f6 9. O-O g5 10. Bg3 h5 11. h4 g4 12. Ne1 {[#]} a6 $146 ({Predecessor:} 12... Nh6 13. c4 dxc4 14. Qxc4 a6 15. Bxc6 Qxc6 16. Qe2 Rd8 17. Nc3 Rxd4 18. Nc2 Bxc2 19. Qxc2 {0-1 (27) Hess,M (2271)-Antal,G (2529) Tegernsee 2017}) 13. Bd3 Nge7 14. Nd2 Bh6 15. Rd1 Kf7 16. Bxf5 Nxf5 ({Much worse is} 16... exf5 $6 17. Nd3 $14) 17. Nd3 Nxg3 18. fxg3 Qc7 19. Kh2 Ne7 20. c4 Bxd2 (20... Nf5 $1 $11 21. Rxf5 exf5) 21. Rxd2 {Hoping for Nc5.} dxc4 22. Qc2 Nd5 $1 23. Ne5+ Kg8 $1 24. Re2 Rh6 (24... Rc8 $11) 25. Nxc4 $16 b5 26. Qd2 $1 {[%cal Rd2h6]} Rg6 ({Don't go for} 26... Qxc4 $2 27. Rc1 $18) 27. Ne3 {Strongly threatening Nxd5.} Qd7 (27... Ne7 $16) 28. Qd3 Ne7 {[#]} 29. Rc1 $2 (29. d5 $1 $18 {[%mdl 512]}) 29... Rd8 30. d5 Rg7 (30... f5 $1 $11) 31. Rc5 Qd6 {[#]} 32. Qc3 (32. Qc2 $142 $1) 32... exd5 ({Don't blunder} 32... Nxd5 $2 33. Nxd5 exd5 34. Rc6 $18) 33. Qd4 ({Better is} 33. Rd2 $16) 33... f5 {The position is equal.} 34. Rf2 Rf7 35. b4 Qf6 36. Qd2 {[%cal Re3d5]} d4 37. Nxf5 Nxf5 38. Rfxf5 Qxf5 39. Rxf5 Rxf5 $11 {[%mdl 4096] Endgame KQ-KRR} 40. Qh6 {Qg6+ is the strong threat.} Kf7 41. Qh7+ Kf6 42. Qh6+ Ke5 43. Qg7+ $1 Kd5 44. Qb7+ Kd6 45. Qxa6+ Ke7 46. Qb7+ Kf8 47. Qb6 Ke7 48. Qb7+ Kf8 (48... Kd6 {is more complex.} 49. Qb6+ Ke7) 49. Qb6 Rdd5 {White should prevent ...d3.} 50. Qb8+ Kg7 {White must now prevent ...Rf7.} 51. Qb7+ Kf6 52. Qc6+ Ke7 {Threatens to win with ...d3.} 53. Qb7+ Ke8 54. Qc8+ Ke7 {next ...d3 is good for Black.} 55. Qb7+ Rd7 56. Qe4+ Kf6 {Accuracy: White = 81%, Black = 76%.} 1/2-1/2

[Event "DMP Ekstraliga 2020"]
[Site "Krakow"]
[Date "2020.08.30"]
[Round "5.2"]
[White "Piorun, Kacper"]
[Black "Leniart, Arkadiusz"]
[Result "0-1"]
[WhiteElo "2596"]
[BlackElo "2482"]
[Annotator "ChessBase"]
[PlyCount "98"]
[EventDate "2020.08.26"]
[EventType "team-tourn"]
[EventCountry "POL"]
[SourceTitle "playchess.com"]
[Source "ChessBase"]
[SourceQuality "1"]
[WhiteTeam "Stilon Gorzow"]
[BlackTeam "Dwie Wieze Krakow"]
[TimeControl "30/5400+30:1800+30"]

1. e4 {[%emt 0:00:00]} e5 {[%emt 0:00:00]} 2. Bc4 {[%emt 0:00:00]} Nf6 {[%emt 0:00:00]} 3. d3 {[%emt 0:00:00]} c6 {[%emt 0:04:13]} 4. Nf3 {[%emt 0:00:00]} Be7 {[%emt 0:06:40]} 5. Bb3 {[%emt 0:09:37]} O-O {[%emt 0:01:53]} 6. O-O {[%emt 0:00:16]} d6 {[%emt 0:02:44]} 7. Re1 {[%emt 0:02:11]} Nbd7 {[%emt 0:02:08]} 8. c3 {[%emt 0:03:10]} Qc7 {[%emt 0:04:03]} 9. d4 {[%emt 0:06:19]} b6 {[%emt 0:07:54]} 10. Nbd2 {[%emt 0:01:03]} Bb7 {[%emt 0:00:31]} 11. Nf1 {[%emt 0:05:06]} c5 {[%emt 0:08:14]} 12. Ng3 {[%emt 0:01:27]} Rfe8 {[%emt 0:05:50]} 13. dxe5 {[%emt 0:09:31]} Nxe5 {[%emt 0:07:11]} 14. Nxe5 {[%emt 0:05:59]} dxe5 {[%emt 0:00:17]} 15. Nf5 {[%emt 0:00:12]} Bf8 {[%emt 0:08:30]} 16. Qf3 {[%emt 0:06:01]} c4 {[%emt 0:02:17]} 17. Bc2 {[%emt 0:00:09]} g6 {[%emt 0:04:19]} 18. Bg5 {[%emt 0:08:31]} Nd7 {[%emt 0:05:36]} 19. Nh6+ {[%emt 0:13:11]} Bxh6 {[%emt 0:00:15]} 20. Bxh6 {[%emt 0:00:02]} f5 {[%emt 0:06:26]} 21. Qe2 {[%emt 0:14:20]} f4 {[%emt 0:02:57]} 22. Ba4 {[%emt 0:00:33]} Ba6 {[%emt 0:12:58]} 23. b4 {[%emt 0:03:36]} b5 {[%emt 0:02:14]} 24. Bc2 {[%emt 0:00:02]} Bb7 {[%emt 0:00:13]} 25. a4 {[%emt 0:00:52]} a6 {[%emt 0:00:08]} 26. g3 {[%emt 0:03:59]} Nf8 {[%emt 0:01:20]} 27. gxf4 {[%emt 0:03:25]} exf4 {[%emt 0:00:45]} 28. Qg4 {[%emt 0:00:05]} Ne6 {[%emt 0:00:58]} 29. axb5 {[%emt 0:01:51]} axb5 {[%emt 0:00:05]} 30. Rxa8 {[%emt 0:00:09]} Bxa8 {[%emt 0:00:03]} 31. h4 {[%emt 0:30:27]} Qe5 {[%emt 0:30:40]} 32. Qf3 {[%emt 0:02:29]} Rd8 {[%emt 0:01:04]} 33. Ra1 {[%emt 0:00:24]} Bb7 {[%emt 0:00:07]} 34. Ra7 {[%emt 0:00:42]} Rd7 {[%emt 0:00:04]} 35. Qh3 {[%emt 0:00:59]} Kf7 {[%emt 0:01:10]} 36. h5 {[%emt 0:00:12]} Bc6 {[%emt 0:01:27]} 37. hxg6+ {[%emt 0:00:44]} hxg6 {[%emt 0:00:05]} 38. Ra6 {[%emt 0:00:47]} Rd6 {[%emt 0:01:47]} 39. Ra7+ {[%emt 0:00:15]} Rd7 {[%emt 0:00:04]} 40. Ra6 {[%emt 0:00:00]} Rd6 {[%emt 0:00:00]} 41. Ra7+ {[%emt 0:00:00]} Bd7 {[%emt 0:00:00]} 42. Qf3 {[%emt 0:00:00]} Rd2 {[%emt 0:00:00]} 43. Bd1 {[%emt 0:00:00]} Rd3 {[%emt 0:00:00]} 44. Qg4 {[%emt 0:00:00]} Qxc3 {[%emt 0:00:00]} 45. Be2 {[%emt 0:00:00]} Qd4 {[%emt 0:00:00]} 46. Bxd3 {[%emt 0:00:00]} Qxa7 {[%emt 0:00:00]} 47. Bf1 {[%emt 0:00:00]} Qd4 {[%emt 0:00:00]} 48. Bxf4 {[%emt 0:00:30]} Qxe4 {[%emt 0:00:00]} 49. Qd1 {[%emt 0:00:05]} Bc6 {[%emt 0:00:00]} 0-1

[Event "DMP Ekstraliga 2020"]
[Site "Krakow"]
[Date "2020.08.30"]
[Round "5.3"]
[White "Nguyen, Piotr"]
[Black "Krasenkow, Michal"]
[Result "1/2-1/2"]
[WhiteElo "2422"]
[BlackElo "2605"]
[Annotator "TA"]
[PlyCount "171"]
[EventDate "2020.08.26"]
[EventType "team-tourn"]
[EventCountry "POL"]
[SourceTitle "playchess.com"]
[Source "ChessBase"]
[SourceQuality "1"]
[WhiteTeam "Dwie Wieze Krakow"]
[BlackTeam "Stilon Gorzow"]

{[%evp 9,171,6,16,9,25,17,16,15,48,47,73,71,80,79,89,98,81,92,91,93,87,92,97,97,104,109,109,109,116,116,118,131,129,116,116,116,116,119,119,119,118,118,135,122,119,127,151,129,156,125,143,139,139,126,122,125,129,101,139,148,148,148,183,109,126,89,91,94,114,131,150,141,159,158,206,201,263,260,329,317,293,275,358,345,337,286,302,285,263,226,227,216,200,0,205,188,189,216,219,188,164,0,202,121,247,227,227,172,175,174,174,174,168,138,411,379,333,301,499,491,438,435,562,485,676,670,697,660,633,622,631,564,611,419,466,75,615,588,588,588,587,587,650,635,421,79,79,79,79,0,0,0,0,0,0,0,0,0,0,0,0,5,8,0]} 1. c4 e5 2. g3 c6 3. Nf3 e4 4. Nd4 d5 5. cxd5 Qxd5 6. Nc2 {A20: English Opening: 1...e5.} Nf6 7. Nc3 Qe5 8. Bg2 Bf5 9. O-O Na6 {[#]} 10. d4 $146 ({Predecessor:} 10. Ne3 Bg6 11. d4 exd3 12. exd3 Qc7 13. d4 Be7 14. d5 O-O 15. dxc6 bxc6 16. Qa4 {1-0 (41) Donchenko,A (2569)-Hambleton,A (2474) London 2017}) 10... Qe6 11. Bg5 Be7 12. Ne3 Bg6 13. Bxf6 Bxf6 14. d5 cxd5 15. Nexd5 Bxc3 16. Qa4+ (16. bxc3 O-O $11) 16... Qd7 17. Qxd7+ ({Much worse is} 17. Nxc3 $6 Qxa4 18. Nxa4 O-O-O $11) 17... Kxd7 18. Nxc3 Rae8 19. Rac1 f5 20. Rfd1+ Ke6 21. f3 {[%cal Rf3e4]} Rd8 22. fxe4 fxe4 23. Nxe4 Rxd1+ 24. Rxd1 Bxe4 25. Bxe4 $16 {[%mdl 4096] Endgame KRB-KRN} Nc5 26. Bf3 a5 27. Kf2 Re8 28. Rd4 Re7 29. h4 Rc7 30. Ke3 Ke7 31. Rd5 b6 32. b3 Nd7 33. Rd2 Ne5 34. Be4 h6 35. Kf4 Rc5 36. Bd5 ({White should play} 36. Rc2 $18 {Rxc5 is the strong threat.} Rxc2 37. Bxc2) 36... Kf6 37. Ke4 Nd7 38. Kd4 Rc1 39. e4 Rf1 40. Kc4 Rf3 41. Rg2 g5 42. Kb5 {[#] Hoping for e5+!} Rc3 43. Rf2+ Kg6 44. Be6 Ne5 45. Bf5+ Kg7 46. hxg5 (46. Kxb6 Rxg3 47. Kxa5 g4 $18) 46... hxg5 47. Rg2 ({Weaker is} 47. Kxb6 Rxg3 48. Kxa5 g4 $16) 47... Rc6 48. Rh2 Rd6 49. Rh7+ Kf8 50. Rh8+ Kf7 51. Rh2 $2 (51. Ka6 $18) 51... g4 $2 (51... Kg7 $1 $11 {and Black has nothing to worry.}) 52. Rc2 Kf6 53. Rc3 Kg5 54. Bc8 Rf6 55. Bf5 Rd6 $1 56. Ka6 (56. Rc8 $18) 56... Rd2 (56... Nd3 $16 {might work better.} 57. Rc8 Nb4+ 58. Kb7 Nxa2) 57. a4 $18 ({Not} 57. Kxb6 Rxa2 58. Be6 Kf6 $16) 57... Rd6 58. Kb7 Kf6 59. Kc7 Ke7 60. Bc8 Rf6 61. Bb7 Rd6 $2 {[%mdl 8192]} (61... Rf3 $16 {was called for.} 62. Rxf3 gxf3) 62. Bd5 Rf6 63. Rc1 Rf3 $2 (63... Rh6 {keeps fighting.} 64. Rc2 Rh3 65. Kxb6 Rxg3 66. Kxa5 Rf3) 64. Kxb6 Rxg3 65. Kxa5 Rh3 66. Kb6 Rh6+ 67. Kb7 g3 68. a5 Nd3 69. Rc7+ Kd8 {If only Black now had time for ...g2....} 70. e5 Nxe5 71. Rc8+ Kd7 72. Rg8 $2 (72. Bg2 $18) 72... Rh4 $2 {[%mdl 8192]} (72... Kd6 $16) 73. Rxg3 Rb4+ {[#]} 74. Ka6 $1 Kd6 75. Bb7 Nd7 76. Ka7 Nc5 77. Rg6+ $2 (77. a6 $18) 77... Ke7 $16 78. Bd5 {Strongly threatening a6.} Nxb3 79. Bxb3 ({White should try} 79. Re6+ $16 Kd7 80. Rb6 Rxb6 81. axb6) 79... Rxb3 {KR-KR. The position is equal.} 80. Rb6 Rc3 $1 81. Kb7 Kd7 82. Rb1 {Black must now prevent Rd1+.} Rc7+ 83. Kb8 {Intending Rd1+ and mate.} Rc8+ 84. Kb7 {Threatening mate with Rd1+.} Rc7+ 85. Kb6 Rc6+ 86. Kb7 {White really could win this. Accuracy: White = 77%, Black = 63%.} 1/2-1/2

[Event "DMP Ekstraliga 2020"]
[Site "Krakow"]
[Date "2020.08.30"]
[Round "5.4"]
[White "Kanarek, Marcel"]
[Black "Zwardon, Vojtech"]
[Result "1/2-1/2"]
[WhiteElo "2488"]
[BlackElo "2481"]
[Annotator "ChessBase"]
[PlyCount "120"]
[EventDate "2020.08.26"]
[EventType "team-tourn"]
[EventCountry "POL"]
[SourceTitle "playchess.com"]
[Source "ChessBase"]
[SourceQuality "1"]
[WhiteTeam "Stilon Gorzow"]
[BlackTeam "Dwie Wieze Krakow"]
[TimeControl "30/5400+30:1800+30"]

1. e4 {[%emt 0:00:00]} c5 {[%emt 0:00:00]} 2. Nf3 {[%emt 0:00:00]} Nc6 {[%emt 0:00:00]} 3. d4 {[%emt 0:00:00]} cxd4 {[%emt 0:00:00]} 4. Nxd4 {[%emt 0:00:02]} g6 {[%emt 0:00:00]} 5. c4 {[%emt 0:00:08]} Nf6 {[%emt 0:00:00]} 6. Nc3 {[%emt 0:00:10]} d6 {[%emt 0:00:00]} 7. Be2 {[%emt 0:00:28]} Nxd4 {[%emt 0:00:00]} 8. Qxd4 {[%emt 0:00:02]} Bg7 {[%emt 0:00:00]} 9. Be3 {[%emt 0:00:21]} O-O {[%emt 0:00:00]} 10. Qd2 {[%emt 0:00:20]} Be6 {[%emt 0:00:00]} 11. O-O {[%emt 0:01:10]} Qa5 {[%emt 0:01:14]} 12. Rfc1 {[%emt 0:02:15]} Rfc8 {[%emt 0:02:36]} 13. b3 {[%emt 0:02:48]} a6 {[%emt 0:06:27]} 14. Rab1 {[%emt 0:00:07]} Qd8 {[%emt 0:30:23]} 15. f3 {[%emt 0:05:41]} Nd7 {[%emt 0:00:57]} 16. Nd5 {[%emt 0:07:20]} a5 {[%emt 0:02:35]} 17. a3 {[%emt 0:04:11]} Nc5 {[%emt 0:02:48]} 18. b4 {[%emt 0:02:53]} axb4 {[%emt 0:00:06]} 19. axb4 {[%emt 0:00:07]} Nd7 {[%emt 0:01:55]} 20. c5 {[%emt 0:28:42]} Nf6 {[%emt 0:00:56]} 21. Bc4 {[%emt 0:17:41]} Nxd5 {[%emt 0:03:14]} 22. exd5 {[%emt 0:01:01]} Bf5 {[%emt 0:00:04]} 23. Rb3 {[%emt 0:05:48]} Bd7 {[%emt 0:00:47]} 24. f4 {[%emt 0:04:17]} Qf8 {[%emt 0:02:38]} 25. Be2 {[%emt 0:02:42]} e6 {[%emt 0:07:00]} 26. Bf3 {[%emt 0:00:47]} dxc5 {[%emt 0:00:28]} 27. bxc5 {[%emt 0:04:23]} exd5 {[%emt 0:01:04]} 28. Rxb7 {[%emt 0:00:46]} Bc6 {[%emt 0:05:42]} 29. Rb6 {[%emt 0:00:02]} Qe8 {[%emt 0:00:30]} 30. Bd4 {[%emt 0:03:52]} Ra4 {[%emt 0:05:22]} 31. Bxg7 {[%emt 0:34:17]} Kxg7 {[%emt 0:30:01]} 32. h3 {[%emt 0:00:55]} Qe7 {[%emt 0:05:06]} 33. f5 {[%emt 0:00:17]} Qe5 {[%emt 0:01:16]} 34. fxg6 {[%emt 0:02:29]} hxg6 {[%emt 0:01:55]} 35. Qb2 {[%emt 0:00:26]} Qxb2 {[%emt 0:00:49]} 36. Rxb2 {[%emt 0:00:02]} Rc4 {[%emt 0:00:34]} 37. Rbc2 {[%emt 0:00:43]} Rxc2 {[%emt 0:00:57]} 38. Rxc2 {[%emt 0:00:02]} Kf6 {[%emt 0:00:26]} 39. Kf2 {[%emt 0:01:24]} Rb8 {[%emt 0:00:35]} 40. Ra2 {[%emt 0:00:00]} Ke5 {[%emt 0:00:00]} 41. h4 {[%emt 0:00:00]} Kd4 {[%emt 0:00:00]} 42. Ra7 {[%emt 0:00:00]} Rf8 {[%emt 0:00:00]} 43. Ra5 {[%emt 0:00:00]} f6 {[%emt 0:00:00]} 44. Kg3 {[%emt 0:00:00]} Kc4 {[%emt 0:00:00]} 45. Kf4 {[%emt 0:00:00]} Kb4 {[%emt 0:00:00]} 46. Ra7 {[%emt 0:00:00]} Kxc5 {[%emt 0:00:00]} 47. Rg7 {[%emt 0:00:00]} Be8 {[%emt 0:00:00]} 48. Rc7+ {[%emt 0:00:00]} Kd4 {[%emt 0:00:00]} 49. Rc8 {[%emt 0:02:31]} Rg8 {[%emt 0:00:00]} 50. Rd8 {[%emt 0:01:15]} Bf7 {[%emt 0:00:00]} 51. Rxg8 {[%emt 0:01:15]} Bxg8 {[%emt 0:00:00]} 52. g4 {[%emt 0:00:19]} Be6 {[%emt 0:00:00]} 53. g5 {[%emt 0:01:04]} fxg5+ {[%emt 0:00:00]} 54. Kxg5 {[%emt 0:00:16]} Bf7 {[%emt 0:00:00]} 55. Kf6 {[%emt 0:00:47]} Be8 {[%emt 0:00:00]} 56. Ke6 {[%emt 0:00:40]} Bc6 {[%emt 0:00:00]} 57. Kf7 {[%emt 0:00:48]} Ke3 {[%emt 0:00:00]} 58. Bxd5 {[%emt 0:00:39]} Bxd5+ {[%emt 0:00:00]} 59. Kxg6 {[%emt 0:00:05]} Bf3 {[%emt 0:00:00]} 60. h5 {[%emt 0:00:08]} Bxh5+ 1/2-1/2

[Event "DMP Ekstraliga 2020"]
[Site "Krakow"]
[Date "2020.08.30"]
[Round "5.5"]
[White "Mikrut, Dariusz"]
[Black "Janik, Igor"]
[Result "0-1"]
[WhiteElo "2390"]
[BlackElo "2471"]
[Annotator "ChessBase"]
[PlyCount "86"]
[EventDate "2020.08.26"]
[EventType "team-tourn"]
[EventCountry "POL"]
[SourceTitle "playchess.com"]
[Source "ChessBase"]
[SourceQuality "1"]
[WhiteTeam "Dwie Wieze Krakow"]
[BlackTeam "Stilon Gorzow"]
[TimeControl "30/5400+30:1800+30"]

1. d4 {[%emt 0:00:00]} d6 {[%emt 0:00:00]} 2. c4 {[%emt 0:00:00]} e5 {[%emt 0:00:00]} 3. d5 {[%emt 0:00:03]} f5 {[%emt 0:00:00]} 4. e4 {[%emt 0:00:28]} fxe4 {[%emt 0:00:00]} 5. Nc3 {[%emt 0:00:05]} Nf6 {[%emt 0:00:02]} 6. Nge2 {[%emt 0:00:37]} Bf5 {[%emt 0:00:08]} 7. Ng3 {[%emt 0:00:06]} Bg6 {[%emt 0:00:05]} 8. Bg5 {[%emt 0:00:52]} Be7 {[%emt 0:00:07]} 9. h4 {[%emt 0:00:13]} h6 {[%emt 0:00:54]} 10. Bxf6 {[%emt 0:06:09]} Bxf6 {[%emt 0:00:02]} 11. Qg4 {[%emt 0:07:01]} Bh7 {[%emt 0:01:12]} 12. Qh5+ {[%emt 0:09:32]} Kf8 {[%emt 0:09:12]} 13. Ngxe4 {[%emt 0:01:43]} Nd7 {[%emt 0:04:07]} 14. Bd3 {[%emt 0:01:56]} Qe7 {[%emt 0:00:47]} 15. O-O-O {[%emt 0:02:43]} a6 {[%emt 0:05:37]} 16. Kb1 {[%emt 0:10:35]} Rb8 {[%emt 0:04:03]} 17. a4 {[%emt 0:16:01]} Kg8 {[%emt 0:01:32]} 18. Qg4 {[%emt 0:01:23]} Rf8 {[%emt 0:03:50]} 19. Rh3 {[%emt 0:02:33]} Rf7 {[%emt 0:03:41]} 20. h5 {[%emt 0:04:07]} Bg5 {[%emt 0:03:55]} 21. Qe2 {[%emt 0:03:27]} Bf5 {[%emt 0:06:20]} 22. g4 {[%emt 0:01:36]} Bh7 {[%emt 0:01:25]} 23. f3 {[%emt 0:02:14]} Bf4 {[%emt 0:01:38]} 24. Qc2 {[%emt 0:00:49]} b6 {[%emt 0:02:23]} 25. a5 {[%emt 0:00:12]} bxa5 {[%emt 0:03:21]} 26. c5 {[%emt 0:02:15]} Be3 {[%emt 0:06:51]} 27. cxd6 {[%emt 0:00:15]} cxd6 {[%emt 0:00:01]} 28. Na4 {[%emt 0:00:14]} Nf6 {[%emt 0:04:36]} 29. Ng3 {[%emt 0:13:30]} Bd4 {[%emt 0:02:24]} 30. Bg6 {[%emt 0:00:31]} Nxd5 {[%emt 0:05:23]} 31. Nf5 {[%emt 0:31:13]} Qd7 {[%emt 0:32:41]} 32. Qc4 {[%emt 0:03:20]} Nf4 {[%emt 0:01:57]} 33. Nb6 {[%emt 0:08:27]} Qe6 {[%emt 0:12:03]} 34. Rxd4 {[%emt 0:01:24]} exd4 {[%emt 0:02:17]} 35. Qxe6 {[%emt 0:00:33]} Nxe6 {[%emt 0:00:04]} 36. Rh1 {[%emt 0:00:10]} Nf4 {[%emt 0:01:09]} 37. Bxf7+ {[%emt 0:01:40]} Kxf7 {[%emt 0:00:01]} 38. Nc4 {[%emt 0:00:15]} Bxf5+ {[%emt 0:00:25]} 39. gxf5 {[%emt 0:00:03]} d5 {[%emt 0:00:33]} 40. Ne5+ {[%emt 0:00:00]} Kf6 {[%emt 0:00:00]} 41. Ng6 {[%emt 0:00:00]} Nxg6 {[%emt 0:00:00]} 42. fxg6 {[%emt 0:00:00]} Re8 {[%emt 0:00:00]} 43. Rc1 {[%emt 0:00:00]} d3 {[%emt 0:00:00]} 0-1

[Event "DMP Ekstraliga 2020"]
[Site "Krakow"]
[Date "2020.08.30"]
[Round "5.6"]
[White "Antolak, Julia"]
[Black "Leks, Maria"]
[Result "1/2-1/2"]
[WhiteElo "2323"]
[BlackElo "2080"]
[Annotator "ChessBase"]
[PlyCount "107"]
[EventDate "2020.08.26"]
[EventType "team-tourn"]
[EventCountry "POL"]
[SourceTitle "playchess.com"]
[Source "ChessBase"]
[SourceQuality "1"]
[WhiteTeam "Stilon Gorzow"]
[BlackTeam "Dwie Wieze Krakow"]
[TimeControl "30/5400+30:1800+30"]

1. e4 {[%emt 0:00:00]} e5 {[%emt 0:00:00]} 2. Nf3 {[%emt 0:00:00]} Nc6 {[%emt 0:00:00]} 3. Bb5 {[%emt 0:00:00]} a6 {[%emt 0:00:00]} 4. Ba4 {[%emt 0:00:00]} Nf6 {[%emt 0:00:01]} 5. O-O {[%emt 0:00:00]} Be7 {[%emt 0:00:04]} 6. Re1 {[%emt 0:00:04]} b5 {[%emt 0:00:12]} 7. Bb3 {[%emt 0:00:06]} d6 {[%emt 0:00:22]} 8. c3 {[%emt 0:00:04]} O-O {[%emt 0:00:06]} 9. h3 {[%emt 0:00:03]} Na5 {[%emt 0:00:13]} 10. Bc2 {[%emt 0:00:06]} c5 {[%emt 0:00:04]} 11. d4 {[%emt 0:00:05]} Nd7 {[%emt 0:00:06]} 12. d5 {[%emt 0:00:32]} Nb6 {[%emt 0:00:04]} 13. Nbd2 {[%emt 0:00:38]} f5 {[%emt 0:00:20]} 14. exf5 {[%emt 0:00:28]} Bxf5 {[%emt 0:00:04]} 15. Bxf5 {[%emt 0:00:27]} Rxf5 {[%emt 0:00:05]} 16. Ne4 {[%emt 0:00:12]} Qd7 {[%emt 0:00:21]} 17. Nfg5 {[%emt 0:11:43]} Nb7 {[%emt 0:09:04]} 18. b3 {[%emt 0:23:42]} Bxg5 {[%emt 0:27:19]} 19. Bxg5 {[%emt 0:05:53]} h6 {[%emt 0:02:24]} 20. Be3 Qf7 21. c4 {[%emt 0:01:57]} bxc4 {[%emt 0:04:33]} 22. bxc4 {[%emt 0:00:05]} Nxc4 {[%emt 0:02:58]} 23. Rb1 {[%emt 0:01:17]} Nba5 24. Bd2 Qxd5 {[%emt 0:05:35]} 25. Bxa5 {[%emt 0:14:45]} Qxd1 26. Rbxd1 {[%emt 0:01:07]} Nxa5 {[%emt 0:00:12]} 27. Nxd6 {[%emt 0:02:59]} Rf6 28. Rxe5 Rxd6 {[%emt 0:20:05]} 29. Rxd6 {[%emt 0:00:36]} Nc4 30. Red5 {[%emt 0:07:35]} Nxd6 {[%emt 0:00:20]} 31. Rxd6 Rb8 32. Rxa6 {[%emt 0:31:05]} Rb1+ {[%emt 0:31:45]} 33. Kh2 c4 {[%emt 0:00:19]} 34. Rc6 {[%emt 0:00:24]} Ra1 {[%emt 0:00:36]} 35. Rxc4 {[%emt 0:00:06]} Rxa2 {[%emt 0:01:18]} 36. Rf4 h5 37. Kg3 {[%emt 0:04:44]} Kh7 {[%emt 0:00:50]} 38. Re4 {[%emt 0:02:05]} Kh6 {[%emt 0:02:27]} 39. Re6+ {[%emt 0:00:00]} g6 {[%emt 0:00:36]} 40. Re3 {[%emt 0:00:00]} Rb2 {[%emt 0:00:00]} 41. f4 {[%emt 0:00:00]} Ra2 42. Rf3 h4+ {[%emt 0:00:00]} 43. Kh2 {[%emt 0:00:00]} Ra1 {[%emt 0:00:00]} 44. Rf2 {[%emt 0:00:00]} Rb1 {[%emt 0:00:00]} 45. g3 {[%emt 0:00:00]} hxg3+ {[%emt 0:00:00]} 46. Kxg3 {[%emt 0:00:00]} Rb5 {[%emt 0:00:00]} 47. Kg4 {[%emt 0:00:00]} Ra5 {[%emt 0:00:00]} 48. h4 {[%emt 0:00:00]} Rb5 {[%emt 0:00:00]} 49. Re2 {[%emt 0:00:00]} Ra5 {[%emt 0:00:00]} 50. Re5 {[%emt 0:00:00]} Ra1 {[%emt 0:00:00]} 51. Re3 {[%emt 0:00:00]} Rg1+ {[%emt 0:00:00]} 52. Rg3 {[%emt 0:00:00]} Rf1 {[%emt 0:00:00]} 53. Rg2 {[%emt 0:00:00]} Ra1 {[%emt 0:00:00]} 54. Rg3 {[%emt 0:00:00]} 1/2-1/2